[Event "GER-chT U20 Girls"]
[Site "Osnabrueck"]
[Date "2011.12.28"]
[Round "4.3"]
[White "Kleinschmidt, Annika"]
[Black "Goldhausen, Nina"]
[Result "1-0"]
[WhiteElo "1438"]
[BlackElo "925"]
[PlyCount "55"]
[EventDate "2011.12.27"]
[EventType "team-swiss"]
[EventRounds "7"]
[EventCountry "GER"]
[SourceTitle "CBM 146 Extra"]
[Source "ChessBase"]
[SourceDate "2012.02.29"]
[SourceVersion "1"]
[SourceVersionDate "2012.02.29"]
[SourceQuality "1"]
[WhiteTeam "Nordhorn Blanke (W)"]
[BlackTeam "Hattersheim (W)"]
[WhiteTeamCountry "GER"]
[BlackTeamCountry "GER"]

1. e4 e5 2. Nf3 Nc6 3. d4 exd4 4. Nxd4 Bc5 5. Be3 Nf6 6. Nc3 0-0 7. Nxc6 bxc6 8. Bxc5 d6 9. Be3 Be6 10. Bd3 d5 11. exd5 cxd5 12. Bg5 h6 13. Bxf6 Qxf6 14. 0-0 c6 15. Qd2 Rad8 16. Rfe1 Rfe8 17. Qe2 Re7 18. Qe5 Qxe5 19. Rxe5 Rde8 20. Rae1 f6 21. R5e2 Kh8 22. Bg6 Rg8 23. Rxe6 Rxe6 24. Rxe6 Rb8 25. Re8+ Rxe8 26. Bxe8 d4 27. Na4 Kg8 28. Bxc6 1-0

[Event "GER-chT U20 Girls"]
[Site "Osnabrueck"]
[Date "2011.12.27"]
[Round "2.3"]
[White "Kleinschmidt, Annika"]
[Black "Rosenfeld, Elisabeth"]
[Result "1-0"]
[WhiteElo "1438"]
[BlackElo "1659"]
[PlyCount "47"]
[EventDate "2011.12.27"]
[EventType "team-swiss"]
[EventRounds "7"]
[EventCountry "GER"]
[SourceTitle "CBM 146 Extra"]
[Source "ChessBase"]
[SourceDate "2012.02.29"]
[SourceVersion "1"]
[SourceVersionDate "2012.02.29"]
[SourceQuality "1"]
[WhiteTeam "Nordhorn Blanke (W)"]
[BlackTeam "Muelheim Nord (W)"]
[WhiteTeamCountry "GER"]
[BlackTeamCountry "GER"]

1. e4 c5 2. Nc3 g6 3. f4 Bg7 4. Bc4 e6 5. Nf3 Ne7 6. d3 d5 7. Bb3 0-0 8. 0-0 b6 9. Qe1 Bb7 10. Qh4 dxe4 11. dxe4 Nbc6 12. f5 exf5 13. Bh6 fxe4 14. Bxg7 Kxg7 15. Ng5 Qd4+ 16. Kh1 h6 17. Nxf7 Ng8 18. Rad1 g5 19. Qg3 Qb4 20. h4 c4 21. hxg5 Rxf7 22. gxh6+ Kh8 23. Rxf7 Qf8 24. Rxf8 1-0

[Event "Niedersachsen-ch U16"]
[Site "Rotenburg"]
[Date "2009.04.10"]
[Round "9"]
[White "Kleinschmidt, Annika"]
[Black "Richters, Maik"]
[Result "1-0"]
[WhiteElo "1462"]
[BlackElo "1333"]
[PlyCount "49"]
[EventDate "2009.04.04"]
[EventType "swiss"]
[EventRounds "9"]
[EventCountry "GER"]
[SourceTitle "EXT 2010"]
[Source "ChessBase"]
[SourceDate "2010.11.25"]
[SourceVersion "1"]
[SourceVersionDate "2010.11.25"]
[SourceQuality "1"]

1. e4 e5 2. Nf3 Nc6 3. d4 exd4 4. Nxd4 Nf6 5. Nxc6 bxc6 6. e5 Nd5 7. c4 Nb6 8. b3 Bc5 9. Bb2 0-0 10. Bd3 d6 11. 0-0 Re8 12. Re1 Qg5 13. exd6 Bh3 14. Bf1 cxd6 15. Nd2 d5 16. Nf3 Qg6 17. Ne5 Qf6 18. Nd3 Bxf2+ 19. Nxf2 Qxb2 20. Nxh3 dxc4 21. bxc4 Red8 22. Qf3 Rd2 23. Qxc6 Qd4+ 24. Kh1 Rf8 25. Ng5 1-0

[Event "Niedersachsen-ch U16"]
[Site "Rotenburg"]
[Date "2009.04.07"]
[Round "6"]
[White "Kleinschmidt, Annika"]
[Black "Raum, Sebastian"]
[Result "1/2-1/2"]
[WhiteElo "1462"]
[BlackElo "1879"]
[PlyCount "57"]
[EventDate "2009.04.04"]
[EventType "swiss"]
[EventRounds "9"]
[EventCountry "GER"]
[SourceTitle "EXT 2010"]
[Source "ChessBase"]
[SourceDate "2010.11.25"]
[SourceVersion "1"]
[SourceVersionDate "2010.11.25"]
[SourceQuality "1"]

1. e4 e6 2. d4 d5 3. Nd2 Nf6 4. e5 Nfd7 5. Bd3 c5 6. c3 Nc6 7. Ne2 cxd4 8. cxd4 f6 9. exf6 Nxf6 10. 0-0 Bd6 11. Nf3 Qc7 12. Ng3 0-0 13. Qc2 e5 14. dxe5 Nxe5 15. Nxe5 Qxc2 16. Bxc2 Bxe5 17. Re1 Bd4 18. Rd1 Bb6 19. Be3 Bxe3 20. fxe3 Re8 21. Re1 h5 22. h3 Re5 23. Rad1 h4 24. Nf1 Bf5 25. Bb3 Kf7 26. Nd2 Rae8 27. Kf2 Ne4+ 28. Kg1 Nxd2 29. Rxd2 1/2-1/2

[Event "Niedersachsen-ch U16"]
[Site "Rotenburg"]
[Date "2009.04.05"]
[Round "3"]
[White "Kleinschmidt, Annika"]
[Black "Rieping, Heiner"]
[Result "0-1"]
[WhiteElo "1462"]
[BlackElo "1751"]
[PlyCount "46"]
[EventDate "2009.04.04"]
[EventType "swiss"]
[EventRounds "9"]
[EventCountry "GER"]
[SourceTitle "EXT 2010"]
[Source "ChessBase"]
[SourceDate "2010.11.25"]
[SourceVersion "1"]
[SourceVersionDate "2010.11.25"]
[SourceQuality "1"]

1. e4 d5 2. exd5 Qxd5 3. Nc3 Qa5 4. d4 Nf6 5. Nf3 Bg4 6. h3 Bh5 7. g4 Bg6 8. Ne5 c6 9. Be2 Nbd7 10. Nc4 Qc7 11. 0-0 e6 12. Bf3 Be7 13. Re1 0-0 14. Bg5 Nxg4 15. Bxg4 Bxg5 16. Ne4 Bxe4 17. Rxe4 f5 18. Rxe6 fxg4 19. Qxg4 Qf4 20. Qg2 Bh4 21. Rf1 Rae8 22. Rxe8 Rxe8 23. c3 Re6 0-1

[Event "Niedersachsen-ch op"]
[Site "Verden"]
[Date "2009.01.04"]
[Round "3"]
[White "Bohnstorff, Michael"]
[Black "Kleinschmidt, Annika"]
[Result "1-0"]
[WhiteElo "2140"]
[BlackElo "1553"]
[PlyCount "49"]
[EventDate "2009.01.03"]
[EventType "swiss"]
[EventRounds "7"]
[EventCountry "GER"]
[SourceTitle "EXT 2012"]
[Source "ChessBase"]
[SourceDate "2011.11.24"]
[SourceVersion "1"]
[SourceVersionDate "2011.11.24"]
[SourceQuality "1"]

1. d4 d5 2. Nf3 Nf6 3. c3 e6 4. Bf4 Nbd7 5. e3 Be7 6. Bd3 c6 7. h3 0-0 8. Nbd2 b6 9. Qc2 Bb7 10. g4 c5 11. g5 Ne4 12. Nxe4 dxe4 13. Bxe4 Bxe4 14. Qxe4 Qc8 15. h4 cxd4 16. exd4 Qc4 17. Nd2 Qb5 18. 0-0-0 Rac8 19. Rh3 Rfe8 20. Rg1 Nf8 21. h5 Qa4 22. Kb1 Qb5 23. g6 fxg6 24. hxg6 Nxg6 25. Qxe6+ 1-0

[Event "GER-chT U16"]
[Site "Bingen"]
[Date "2008.12.29"]
[Round "6.4"]
[White "Masalsky, Nicolai"]
[Black "Kleinschmidt, Annika"]
[Result "1/2-1/2"]
[WhiteElo "1438"]
[BlackElo "1553"]
[PlyCount "84"]
[EventDate "2008.12.27"]
[EventType "team-swiss"]
[EventRounds "7"]
[EventCountry "GER"]
[SourceTitle "EXT 2010"]
[Source "ChessBase"]
[SourceDate "2010.11.25"]
[SourceVersion "1"]
[SourceVersionDate "2010.11.25"]
[SourceQuality "1"]
[WhiteTeam "Paderborn Schachfreunde 2000 U16"]
[BlackTeam "Nordhorn Blanke U16"]
[WhiteTeamCountry "GER"]
[BlackTeamCountry "GER"]

1. e4 c5 2. Nc3 Nc6 3. g3 g6 4. Bg2 Bg7 5. d3 e6 6. Be3 d6 7. Qd2 Nge7 8. Bh6 0-0 9. h4 d5 10. Bxg7 Kxg7 11. h5 Rh8 12. Nf3 dxe4 13. Nxe4 b6 14. 0-0-0 Nf5 15. hxg6 fxg6 16. g4 Nfd4 17. Qh6+ Kg8 18. Nh4 Ne5 19. Nf6+ Qxf6 20. Bxa8 Nxg4 21. Qd2 Kg7 22. Rdf1 Ba6 23. Be4 c4 24. Kb1 cxd3 25. Bxd3 Bb7 26. f3 Ne5 27. Be4 Ndc6 28. Qc3 Ba6 29. Rd1 Rc8 30. f4 Qxf4 31. Bxc6 Rxc6 32. Qd2 Qe4 33. Rhe1 Qxh4 34. Rxe5 Qc4 35. Ree1 h5 36. Qd4+ Qxd4 37. Rxd4 g5 38. Rg1 Kf6 39. c3 e5 40. Rd8 e4 41. Rg8 Bd3+ 42. Kc1 Rc5 1/2-1/2

[Event "GER-chT U16"]
[Site "Bingen"]
[Date "2008.12.28"]
[Round "4.4"]
[White "Kleinschmidt, Annika"]
[Black "Ohme, Markus"]
[Result "0-1"]
[WhiteElo "1553"]
[BlackElo "1366"]
[PlyCount "138"]
[EventDate "2008.12.27"]
[EventType "team-swiss"]
[EventRounds "7"]
[EventCountry "GER"]
[SourceTitle "EXT 2010"]
[Source "ChessBase"]
[SourceDate "2010.11.25"]
[SourceVersion "1"]
[SourceVersionDate "2010.11.25"]
[SourceQuality "1"]
[WhiteTeam "Nordhorn Blanke U16"]
[BlackTeam "Leipzig Gohlis U16"]
[WhiteTeamCountry "GER"]
[BlackTeamCountry "GER"]

1. e4 e5 2. Nf3 Nc6 3. d4 exd4 4. Nxd4 Bc5 5. Be3 Qf6 6. c3 Nge7 7. Bc4 0-0 8. 0-0 Rd8 9. Nxc6 Qxc6 10. Qh5 d5 11. exd5 Nxd5 12. Bxc5 Qxc5 13. Bb3 Qc6 14. Nd2 Be6 15. Rad1 Nf6 16. Qg5 h6 17. Qg3 Bxb3 18. Nxb3 Rd7 19. Nd4 Qd5 20. Rde1 Qd6 21. Qf3 Rb8 22. Re3 Qb6 23. Qe2 Qd6 24. Rg3 Qd5 25. Qe3 Kh8 26. b3 c5 27. Nb5 a6 28. c4 Qd2 29. Nc3 Qxe3 30. Rxe3 Rbd8 31. Rfe1 b6 32. h3 Kg8 33. Kf1 Rd2 34. R1e2 Kf8 35. Ke1 Rxe2+ 36. Kxe2 Rd4 37. Re5 Rd8 38. Ke3 Rd7 39. Nd5 Rd6 40. Nc7 a5 41. Nd5 Nd7 42. Re4 Nf6 43. Re5 Nd7 44. Rf5 Re6+ 45. Kd2 Rd6 46. Kc3 Rg6 47. g3 Re6 48. Kd2 Rd6 49. a3 Nf6 50. Kc3 Nxd5+ 51. Rxd5 Ke7 52. Re5+ Re6 53. Rd5 Rc6 54. f4 g6 55. g4 Rf6 56. Re5+ Re6 57. Kd3 Rxe5 58. fxe5 Ke6 59. Ke4 g5 60. a4 Ke7 61. Kd5 Kd7 62. Ke4 Ke6 63. Kf3 Kxe5 64. Ke3 f6 65. Kf3 f5 66. Ke3 f4+ 67. Kd3 f3 68. Ke3 f2 69. Kxf2 Kd4 0-1

[Event "GER-chT U16"]
[Site "Bingen"]
[Date "2008.12.27"]
[Round "1.4"]
[White "Schell, Samuel"]
[Black "Kleinschmidt, Annika"]
[Result "1-0"]
[WhiteElo "1301"]
[BlackElo "1553"]
[PlyCount "59"]
[EventDate "2008.12.27"]
[EventType "team-swiss"]
[EventRounds "7"]
[EventCountry "GER"]
[SourceTitle "EXT 2010"]
[Source "ChessBase"]
[SourceDate "2010.11.25"]
[SourceVersion "1"]
[SourceVersionDate "2010.11.25"]
[SourceQuality "1"]
[WhiteTeam "Porz SG U16"]
[BlackTeam "Nordhorn Blanke U16"]
[WhiteTeamCountry "GER"]
[BlackTeamCountry "GER"]

1. e4 c5 2. Nc3 Nc6 3. f4 g6 4. Nf3 Bg7 5. d3 Nf6 6. Be3 d6 7. h3 0-0 8. Qd2 a6 9. g4 d5 10. Bxc5 dxe4 11. dxe4 Qa5 12. Be3 Rd8 13. Bd3 Be6 14. a3 Nd7 15. Rd1 Nc5 16. e5 Nxd3+ 17. cxd3 f6 18. exf6 exf6 19. d4 Bb3 20. Rc1 Rd7 21. Qf2 Re8 22. 0-0 f5 23. Ne5 Nxe5 24. dxe5 fxg4 25. Bb6 Bxe5 26. Bxa5 Bd4 27. hxg4 Bxf2+ 28. Rxf2 Be6 29. Ne4 Rf7 30. Nd6 1-0

[Event "GER North-chT U16"]
[Site "Verden an der Aller"]
[Date "2008.09.12"]
[Round "1.4"]
[White "Celmer, Ole"]
[Black "Kleinschmidt, Annika"]
[Result "0-1"]
[WhiteElo "1410"]
[BlackElo "1406"]
[PlyCount "42"]
[EventDate "2008.09.12"]
[EventType "team-swiss"]
[EventRounds "6"]
[EventCountry "GER"]
[SourceTitle "EXT 2011"]
[Source "ChessBase"]
[SourceDate "2010.11.26"]
[SourceVersion "1"]
[SourceVersionDate "2010.11.26"]
[SourceQuality "1"]
[WhiteTeam "Rostock"]
[BlackTeam "Nordhorn Blanke U16"]
[WhiteTeamCountry "GER"]
[BlackTeamCountry "GER"]

1. e4 c5 2. Nf3 d6 3. d4 cxd4 4. Nxd4 Nf6 5. Nc3 a6 6. Be3 e5 7. Nb3 Be6 8. Bd3 Nbd7 9. Qd2 Rc8 10. f4 b5 11. h3 Nb6 12. fxe5 dxe5 13. Qf2 Nc4 14. 0-0-0 Qc7 15. a3 Be7 16. Bxc4 bxc4 17. Bb6 Qb8 18. Na5 0-0 19. Nd5 Bxd5 20. exd5 Ne4 21. Qe3 Bg5 0-1

[Event "Niedersachsen-chT U16"]
[Site "Verden an der Aller"]
[Date "2008.05.04"]
[Round "5.4"]
[White "Kleinschmidt, Annika"]
[Black "Hnida, Kai"]
[Result "1-0"]
[WhiteElo "1452"]
[BlackElo "1301"]
[PlyCount "51"]
[EventDate "2008.05.01"]
[EventType "team"]
[EventRounds "7"]
[EventCountry "GER"]
[SourceTitle "EXT 2009"]
[Source "ChessBase"]
[SourceDate "2008.11.26"]
[SourceVersion "1"]
[SourceVersionDate "2008.11.26"]
[SourceQuality "1"]

1. e4 e6 2. d4 d5 3. Nd2 Nf6 4. e5 Nfd7 5. Bd3 c5 6. c3 Nc6 7. Ne2 Be7 8. 0-0 0-0 9. Nf3 a6 10. b3 b5 11. Re1 c4 12. Bb1 f6 13. Nf4 Nb6 14. exf6 Rxf6 15. Qc2 g6 16. h4 Qf8 17. h5 Rxf4 18. Bxf4 Qxf4 19. hxg6 Qf5 20. gxh7+ Kh8 21. Qe2 Qh5 22. Ne5 Qe8 23. Nxc6 Bf6 24. Ne5 Nd7 25. Bg6 Qf8 26. Nf7+ 1-0

[Event "Niedersachsen-ch U16"]
[Site "Rotenburg"]
[Date "2008.03.20"]
[Round "9"]
[White "Kleinschmidt, Annika"]
[Black "Hilgendorff, Ian"]
[Result "0-1"]
[WhiteElo "1498"]
[BlackElo "1809"]
[PlyCount "66"]
[EventDate "2008.03.15"]
[EventType "swiss"]
[EventRounds "9"]
[EventCountry "GER"]
[SourceTitle "EXT 2009"]
[Source "ChessBase"]
[SourceDate "2008.11.26"]
[SourceVersion "1"]
[SourceVersionDate "2008.11.26"]
[SourceQuality "1"]

1. e4 c5 2. Nc3 a6 3. a4 e6 4. Bc4 Ne7 5. d3 d5 6. Bb3 Nbc6 7. f4 dxe4 8. dxe4 Qxd1+ 9. Nxd1 Nd4 10. Be3 Nec6 11. Ne2 Nxb3 12. cxb3 Nb4 13. 0-0 Nc2 14. Rc1 Nxe3 15. Nxe3 Be7 16. Nc4 b5 17. Ne5 Bb7 18. Ng3 Rc8 19. Rfd1 Bf6 20. Nd3 Bd4+ 21. Kh1 0-0 22. e5 c4 23. bxc4 bxc4 24. Ne1 Bxb2 25. Rc2 c3 26. Rd4 Rfd8 27. Ne2 Rxd4 28. Nxd4 Be4 29. Re2 Bd5 30. Rc2 Rd8 31. Nef3 Bxf3 32. Nxf3 Rd1+ 33. Ng1 Rd2 0-1

[Event "Niedersachsen-ch U16"]
[Site "Rotenburg"]
[Date "2008.03.19"]
[Round "7"]
[White "Dorn, Carina"]
[Black "Kleinschmidt, Annika"]
[Result "1-0"]
[WhiteElo "1749"]
[BlackElo "1498"]
[PlyCount "59"]
[EventDate "2008.03.15"]
[EventType "swiss"]
[EventRounds "9"]
[EventCountry "GER"]
[SourceTitle "EXT 2009"]
[Source "ChessBase"]
[SourceDate "2008.11.26"]
[SourceVersion "1"]
[SourceVersionDate "2008.11.26"]
[SourceQuality "1"]

1. d4 d5 2. c4 c6 3. Nf3 e6 4. Nc3 f5 5. Bf4 Nf6 6. e3 Be7 7. Bd3 0-0 8. Qc2 Ne4 9. Ne5 Nd7 10. g4 Nxe5 11. Bxe5 Bf6 12. 0-0-0 Bxe5 13. dxe5 Qh4 14. Rdf1 Qxg4 15. f3 Qg5 16. fxe4 fxe4 17. Rxf8+ Kxf8 18. Rf1+ Kg8 19. Qf2 Qe7 20. Bc2 Bd7 21. Qg3 Be8 22. Bb3 Bg6 23. Kb1 Rd8 24. Ne2 a6 25. h4 Bh5 26. Nf4 Rf8 27. Rg1 Bf3 28. Nxe6 Rf7 29. Ng5 Rf8 30. cxd5 1-0

[Event "Niedersachsen-ch U16"]
[Site "Rotenburg"]
[Date "2008.03.15"]
[Round "1"]
[White "Raum, Sebastian"]
[Black "Kleinschmidt, Annika"]
[Result "1-0"]
[WhiteElo "1818"]
[BlackElo "1498"]
[PlyCount "59"]
[EventDate "2008.03.15"]
[EventType "swiss"]
[EventRounds "9"]
[EventCountry "GER"]
[SourceTitle "EXT 2009"]
[Source "ChessBase"]
[SourceDate "2008.11.26"]
[SourceVersion "1"]
[SourceVersionDate "2008.11.26"]
[SourceQuality "1"]

1. e4 c5 2. Nf3 Nc6 3. d4 cxd4 4. Nxd4 g6 5. c4 Bg7 6. Be3 Nf6 7. Nc3 0-0 8. Be2 d6 9. Qd2 Ng4 10. Bxg4 Bxg4 11. f3 Bd7 12. 0-0 a6 13. Rfd1 Rc8 14. Nde2 Ne5 15. b3 Be6 16. Rac1 Qa5 17. Nd5 Qd8 18. Bb6 Qd7 19. Qe3 Bxd5 20. Rxd5 Nc6 21. c5 Nb4 22. Rd2 Qe6 23. Rc4 Nc6 24. cxd6 exd6 25. Nf4 Qe7 26. Nd5 Qe6 27. Rdc2 Kh8 28. Qc1 Rce8 29. Nc7 Qd7 30. Nxe8 1-0

[Event "GER-chT U14 Girls"]
[Site "Stuttgart"]
[Date "2007.12.28"]
[Round "3.2"]
[White "Friese, Sarah"]
[Black "Kleinschmidt, Annika"]
[Result "0-1"]
[WhiteElo "1181"]
[BlackElo "1384"]
[PlyCount "38"]
[EventDate "2007.12.27"]
[EventType "team-swiss"]
[EventRounds "7"]
[EventCountry "GER"]
[SourceTitle "EXT 2009"]
[Source "ChessBase"]
[SourceDate "2008.11.26"]
[SourceVersion "1"]
[SourceVersionDate "2008.11.26"]
[SourceQuality "1"]
[WhiteTeam "Porta Westfalica U14 Girls"]
[BlackTeam "Nordhorn Blanke U14 Girls"]
[WhiteTeamCountry "GER"]
[BlackTeamCountry "GER"]

1. e4 c5 2. c3 d5 3. exd5 Qxd5 4. d4 cxd4 5. cxd4 e5 6. Be3 Nc6 7. Nc3 Bb4 8. dxe5 Qxe5 9. Nge2 Bg4 10. Bf4 Qe6 11. f3 Bf5 12. Qd2 Nge7 13. 0-0-0 Rd8 14. Qe1 0-0 15. g4 Bg6 16. a3 Ba5 17. Bg3 Rxd1+ 18. Qxd1 Rd8 19. Qe1 Qe3+ 0-1

[Event "Niedersachsen-chT U14"]
[Site "Stade"]
[Date "2007.05.19"]
[Round "5.1"]
[White "Hilgendorff, Ian"]
[Black "Kleinschmidt, Annika"]
[Result "0-1"]
[WhiteElo "1820"]
[BlackElo "1223"]
[PlyCount "81"]
[EventDate "2007.05.17"]
[EventType "team-tourn"]
[EventRounds "7"]
[EventCountry "GER"]
[SourceTitle "EXT 2008"]
[Source "ChessBase"]
[SourceDate "2007.11.25"]
[SourceVersion "1"]
[SourceVersionDate "2007.11.25"]
[SourceQuality "1"]

1. e4 c5 2. Nf3 Nc6 3. d4 cxd4 4. Nxd4 g6 5. Nc3 Bg7 6. Be3 Nf6 7. Bc4 0-0 8. Bb3 a6 9. Qd2 b5 10. f3 Nxd4 11. Bxd4 d6 12. g4 Bb7 13. h4 d5 14. exd5 b4 15. Ne4 Nxd5 16. Bxg7 Kxg7 17. 0-0-0 Nf6 18. Qxb4 Qc7 19. Nxf6 exf6 20. Rd3 a5 21. Qd2 Rfd8 22. Rc3 Qd7 23. Rd1 Qxd2+ 24. Rxd2 Rxd2 25. Kxd2 Rd8+ 26. Ke3 Bd5 27. Bxd5 Rxd5 28. Rd3 Re5+ 29. Kf2 f5 30. f4 Rb5 31. b3 fxg4 32. c4 Rc5 33. Kg3 h5 34. Kf2 Rf5 35. Kg3 Rc5 36. Rd5 Rxd5 37. cxd5 Kf6 38. a3 Ke7 39. b4 axb4 40. axb4 Kd6 41. b5 0-1

[Event "Niedersachsen-chT U14"]
[Site "Stade"]
[Date "2007.05.19"]
[Round "6.1"]
[White "Kleinschmidt, Annika"]
[Black "Lindner, Robert"]
[Result "1/2-1/2"]
[WhiteElo "1223"]
[BlackElo "1381"]
[PlyCount "58"]
[EventDate "2007.05.17"]
[EventType "team-tourn"]
[EventRounds "7"]
[EventCountry "GER"]
[SourceTitle "EXT 2008"]
[Source "ChessBase"]
[SourceDate "2007.11.25"]
[SourceVersion "1"]
[SourceVersionDate "2007.11.25"]
[SourceQuality "1"]

1. e4 e6 2. d4 d5 3. Nd2 dxe4 4. Nxe4 Nd7 5. Nf3 Ngf6 6. Bd3 Be7 7. 0-0 0-0 8. Bf4 b6 9. Re1 Bb7 10. c3 Nxe4 11. Bxe4 Bxe4 12. Rxe4 Nf6 13. Re1 c5 14. Be5 Rc8 15. Qa4 Qd7 16. Qxd7 Nxd7 17. Rad1 Rfd8 18. Bf4 Bf6 19. Be3 cxd4 20. Bxd4 Bxd4 21. Nxd4 Nf6 22. Nf3 h6 23. h3 Kf8 24. a3 Ke8 25. Ne5 Rxd1 26. Rxd1 Rc5 27. Nf3 Nd5 28. Rd2 Ke7 29. Kf1 Nf6 1/2-1/2

[Event "Niedersachsen-ch U14"]
[Site "Rotenburg/Wuemme"]
[Date "2007.04.03"]
[Round "5"]
[White "Muermans, Ansgar"]
[Black "Kleinschmidt, Annika"]
[Result "0-1"]
[WhiteElo "708"]
[BlackElo "1286"]
[PlyCount "60"]
[EventDate "2007.03.31"]
[EventType "swiss"]
[EventRounds "9"]
[EventCountry "GER"]
[SourceTitle "EXT 2008"]
[Source "ChessBase"]
[SourceDate "2007.11.25"]
[SourceVersion "1"]
[SourceVersionDate "2007.11.25"]
[SourceQuality "1"]

1. e4 e5 2. Nc3 Nf6 3. Bc4 Bc5 4. d3 Nc6 5. Nf3 d6 6. 0-0 Be6 7. Bxe6 fxe6 8. Bg5 h6 9. Bxf6 Qxf6 10. Nb5 0-0-0 11. c3 g5 12. d4 exd4 13. cxd4 Bb6 14. d5 exd5 15. exd5 Ne7 16. Rc1 g4 17. Ne1 Qxb2 18. Nc3 h5 19. Nd3 Qa3 20. Qe2 Rde8 21. Ne4 Nxd5 22. h4 gxh3 23. gxh3 Kb8 24. Qf3 Rhf8 25. Qe2 Qa4 26. Rfe1 Nf4 27. Qf3 Nxd3 28. Qxd3 a6 29. Nc3 Qd7 30. Rf1 Rg8+ 0-1

[Event "GER-chT U14 Girls"]
[Site "Burg Stargard"]
[Date "2006.12.30"]
[Round "7.4"]
[White "Kleinschmidt, Annika"]
[Black "Cabalar, Rana"]
[Result "1-0"]
[WhiteElo "1181"]
[BlackElo "923"]
[PlyCount "107"]
[EventDate "2006.12.27"]
[EventType "team-swiss"]
[EventRounds "7"]
[EventCountry "GER"]
[SourceTitle "EXT 2008"]
[Source "ChessBase"]
[SourceDate "2007.11.25"]
[SourceVersion "1"]
[SourceVersionDate "2007.11.25"]
[SourceQuality "1"]
[WhiteTeam "Nordhorn Blanke U14 Girls"]
[BlackTeam "Porz SG U14 Girls"]
[WhiteTeamCountry "GER"]
[BlackTeamCountry "GER"]

1. e4 e5 2. Nf3 Nc6 3. d4 exd4 4. Nxd4 Bc5 5. Be3 Qf6 6. c3 Nge7 7. Be2 d6 8. 0-0 Bb6 9. Nxc6 Nxc6 10. Bxb6 axb6 11. Nd2 0-0 12. Re1 Ra5 13. f3 Qg6 14. Nc4 Bh3 15. g3 Rg5 16. Kf2 Re8 17. Bf1 Be6 18. Kg1 d5 19. exd5 Nd8 20. dxe6 Nxe6 21. Qd3 Qxd3 22. Bxd3 g6 23. f4 Rd5 24. Rad1 Red8 25. Bc2 c6 26. Nxb6 R5d6 27. Nc4 R6d7 28. Rxd7 Rxd7 29. Rd1 Re7 30. Ne5 f6 31. Rd7 Rxd7 32. Nxd7 f5 33. Bb3 Kf7 34. Nc5 Ke7 35. Nxe6 Kd6 36. Nf8 b6 37. Nxh7 b5 38. Nf8 g5 39. fxg5 Ke7 40. Ne6 Kf7 41. Nf4+ Kf8 42. g6 c5 43. h4 c4 44. Bc2 Kg7 45. h5 Kh6 46. Bxf5 Kg7 47. g4 Kf6 48. h6 Kg5 49. h7 Kxf4 50. h8Q Ke3 51. Qd4+ Ke2 52. Kg2 Ke1 53. Kg3 Ke2 54. g5 1-0

[Event "GER-chT U14 Girls"]
[Site "Burg Stargard"]
[Date "2006.12.28"]
[Round "4.4"]
[White "Schmalhorst, Sophia"]
[Black "Kleinschmidt, Annika"]
[Result "0-1"]
[WhiteElo "1027"]
[BlackElo "1181"]
[PlyCount "106"]
[EventDate "2006.12.27"]
[EventType "team-swiss"]
[EventRounds "7"]
[EventCountry "GER"]
[SourceTitle "EXT 2008"]
[Source "ChessBase"]
[SourceDate "2007.11.25"]
[SourceVersion "1"]
[SourceVersionDate "2007.11.25"]
[SourceQuality "1"]
[WhiteTeam "Rossdorf SC Ladja U14 Girls"]
[BlackTeam "Nordhorn Blanke U14 Girls"]
[WhiteTeamCountry "GER"]
[BlackTeamCountry "GER"]

1. e4 e5 2. Nf3 Nc6 3. Bc4 Bc5 4. d3 d6 5. h3 Nf6 6. Bg5 0-0 7. 0-0 Re8 8. Nc3 Be6 9. Bb3 h6 10. Be3 Bb6 11. Re1 Bxb3 12. axb3 Ba5 13. Re2 a6 14. d4 exd4 15. Bxd4 Bxc3 16. bxc3 Nxe4 17. Qd3 Nf6 18. Rxe8+ Qxe8 19. Bxf6 gxf6 20. Re1 Ne5 21. Nxe5 fxe5 22. Qg3+ Kf8 23. c4 f6 24. f4 Kf7 25. Qf3 Rb8 26. Qh5+ Kg7 27. Qg4+ Qg6 28. Qd7+ Qf7 29. Qg4+ Kh7 30. Qf5+ Qg6 31. Qd7+ Qg7 32. Qf5+ Kh8 33. fxe5 dxe5 34. Rf1 Rf8 35. Rf3 Qg5 36. Kf2 Qxf5 37. Rxf5 Kg7 38. h4 Kg6 39. g4 Rh8 40. h5+ Kf7 41. c3 Re8 42. Ke3 c6 43. c5 Rd8 44. Ke2 Rd5 45. b4 Rd7 46. Rf3 Ke6 47. Rf5 Rd5 48. Rf3 e4 49. Re3 Ke5 50. Kf2 Kf4 51. Rg3 Rd2+ 52. Ke1 Kxg3 53. Kxd2 Kf2 0-1

[Event "GER North-chT U16"]
[Site "Magdeburg"]
[Date "2006.08.27"]
[Round "3.3"]
[White "Kleinschmidt, Annika"]
[Black "Schimmel, Jannika"]
[Result "0-1"]
[WhiteElo "1242"]
[BlackElo "972"]
[PlyCount "180"]
[EventDate "2006.08.26"]
[EventType "team"]
[EventRounds "7"]
[EventCountry "GER"]
[SourceTitle "EXT 2007"]
[Source "ChessBase"]
[SourceDate "2006.11.23"]
[SourceVersion "1"]
[SourceVersionDate "2006.11.23"]
[SourceQuality "1"]

1. e4 c5 2. Nf3 Nc6 3. d4 cxd4 4. Nxd4 e6 5. Nc3 Nf6 6. Be3 Bb4 7. f3 d5 8. exd5 exd5 9. Bb5 Bd7 10. 0-0 0-0 11. Nde2 a6 12. Ba4 Be6 13. a3 Ba5 14. Bc5 Bb6 15. b4 a5 16. Kh1 Bxc5 17. bxc5 Nh5 18. Rb1 Rb8 19. Re1 d4 20. Ne4 Bd5 21. Nxd4 Nxd4 22. Qxd4 Ba2 23. Qxd8 Rfxd8 24. Rb5 Rd4 25. Rxa5 Rbd8 26. Kg1 f5 27. Nd6 g6 28. Nxb7 Rb8 29. c6 Nf4 30. Bb3+ Bxb3 31. cxb3 Rd2 32. g3 Nh3+ 33. Kh1 Nf2+ 34. Kg2 Nd3+ 35. Kf1 Nxe1 36. Kxe1 Rc2 37. Ra6 Rc8 38. Na5 Kf7 39. Kd1 Rxh2 40. b4 Rd8+ 41. Kc1 Rdd2 42. Ra7+ Ke6 43. c7 Rc2+ 44. Kb1 Rb2+ 45. Kc1 Rhc2+ 46. Kd1 Kd7 47. f4 Rh2 48. Kc1 Rbf2 49. c8Q+ Kxc8 50. Ra8+ Kd7 51. Ra7+ Ke8 52. Ra8+ Kf7 53. Rd8 Ra2 54. Kb1 Rhc2 55. Rd3 Rab2+ 56. Ka1 Rg2 57. Rd4 Rbe2 58. Rd1 Ra2+ 59. Kb1 Rxa3 60. Nc6 Rb3+ 61. Ka1 Ra3+ 62. Kb1 Rga2 63. Rd4 Re2 64. b5 Rf3 65. Kc1 Ra3 66. Rb4 Ra1+ 67. Rb1 Re1+ 68. Kc2 Raxb1 69. Nd4 Ra1 70. Kc3 Re3+ 71. Kc4 Ra4+ 72. Kc5 Rc3+ 73. Kd5 Rac4 74. Ke5 Re3+ 75. Kd5 Rc8 76. Kd6 Rd8+ 77. Kc5 Rc3+ 78. Kb4 Rdc8 79. Nc6 R3xc6 80. bxc6 Rxc6 81. Kb5 Rc1 82. Kb4 Ke6 83. Kb3 Kd5 84. Kb2 Rc8 85. Kb3 Kd4 86. Kb4 Rb8+ 87. Ka3 Kc4 88. Ka2 Kc3 89. Ka1 Kc2 90. Ka2 Ra8# 0-1